000 00768cab a2200265 4500
001 ABS46975
008 090401t1992 xxu||||| |||| 00| 0 eng d
035 _a(Sirsi) u60249
041 _aeng
100 _aRobertson, K.
245 _aService at a discount?
260 _c1992
350 _a0
490 _aChartered Quantity Surveyor
_v14(11/12) July 1992, 7-9(3)
520 _aExplains how the current QS fee scales 36 and 37 can be updated by a calculation involving the BCIS tender price index and the RPI.
650 _aFEE SCALE 36
650 _aFEE SCALE 37
650 _aFEE SCALES
650 _aFORMULA
650 _aINFLATION
690 _aPROFESSIONAL PRACTICE
690 _aQuantity surveying
_96263
942 _n0
948 _c04/03/1997
999 _c37121
_d37121